| 000 | 01721cam a2200313 4500 | ||
|---|---|---|---|
| 002 | ##6395 | ||
| 008 | #DATE n2003 000 0 eng u | ||
| 020 | _a184219075X | ||
| 035 | _a(Sirsi) u119682 | ||
| 041 | 0 | _aeng | |
| 050 | 0 | 4 | _a346.410434 $2 18 |
| 110 | 2 |
_aRoyal Institution of Chartered Surveyors _94900 |
|
| 245 | 0 | 0 |
_aDilapidations _bguidance note |
| 250 | _a4th ed. | ||
| 260 |
_aLondon _bRICS _c2003 |
||
| 490 | 0 | _aRICS Guidance Note | |
| 520 | _aThe fourth edition of this RICS guidance note, which has been updated to take into account the new Civil Procedure Rules. Considers: taking instructions; the role of the surveyor; the information needed prior to undertaking an inspection; the schedule itself; the claim; and the dialogue with the tenant following submission of the claim. Includes the Property Litigation Association "Protocol for terminal dilapidations claims for damages"; an example of a schedule of dilapidations, the recommended form of and an example of Scott schedule, and the relevant statutory information. | ||
| 520 | _aSupersedes third edition (ISBN 0854068104). Superseded by fourth edition (ISBN 9781842194034). | ||
| 650 | 2 | 4 | _aCIVIL PROCEDURE RULES |
| 650 | 2 | 4 | _aLANDLORD AND TENANT ACT 1927 S18 |
| 650 | 2 | 4 | _aLANDLORD AND TENANT ACT 1954 S51 |
| 650 | 2 | 4 | _aLAW OF PROPERTY ACT 1925 S146 |
| 650 | 2 | 4 | _aLEASEHOLD PROPERTY (REPAIRS) ACT 1938 |
| 650 | 2 | 4 | _aSCOTT SCHEDULES |
| 651 | 4 |
_aEngland and Wales _y1543- |
|
| 690 | _aPROPERTY-LEASEHOLD PROPERTY-LANDLORD AND TENANT-DILAPIDATIONS | ||
| 856 | 4 | 1 | _auhttp://www.rics.org/site/scripts/downloads.aspx?categoryID=452zView the guidance (member-content only) free of charge at www.rics.org/guidance... |
| 942 | _n0 | ||
| 999 |
_c102353 _d102353 |
||